| 000 | 00000nam 2200000za 4500 |
| 001 | 9.846795 |
| 003 | CaOODSP |
| 005 | 20221107153305 |
| 007 | cr ||||||||||| |
| 008 | 171108s1987 onc |o f|0| 0 fre d |
| 040 | |aCaOODSP|bfre |
| 043 | |an-cn--- |
| 086 | 1 |aCS11-0019/10F-PDF |
| 100 | 1 |aNiosi, Jorge. |
| 245 | 13|aLa montée des conglomérats |h[ressource électronique] / |cpar Jorge Niosi. |
| 260 | |a[Ottawa] : |bStatistique Canada, |c1987. |
| 300 | |a24 p. |
| 490 | 0 |aDocuments de recherche ; |vno. 10 |
| 500 | |aPubl. aussi en anglais sous le titre : The rise of the conglomerate economy. |
| 500 | |aÉdition numérisée de l'imprimé [par Statistique Canada]. |
| 504 | |aComprend des références bibliographiques. |
| 520 | |a« Le présent mémoire fait état d'estimations relatives à plusieurs caractéristiques des plus importants conglomérats canadiens de 1969 à 1984. Les conglomérats sont des entreprises à exploitation diversifiée. Or, pour que l'exploitation d'une entreprise soit jugée diversifiée, il faut que cette dernière effectue plus de 30% de ses ventes dans un secteur autre que son principal secteur d'activité. »--Résumé. |
| 692 | 07|2gccst|aConglomérat |
| 710 | 2 |aStatistique Canada. |bDirection des études analytiques. |
| 775 | 08|tThe rise of the conglomerate economy |w(CaOODSP)9.846793 |
| 830 | #0|aDocuments de recherche (Statistique Canada. Direction des études analytiques)|vno 10|w(CaOODSP)9.500842 |
| 856 | 40|qPDF|s3.40 Mo|uhttps://publications.gc.ca/collections/collection_2017/statcan/11f0019m/CS11-0019-10-fra.pdf |